Just a Girl - No Doubt (All Lyrics) - Statistics

General Stats
  • This quiz has been taken 115 times
  • The average score is 191 of 264
Answer Stats
Lyrics % Correct
a
98%
girl,
98%
girl
98%
I
98%
just
98%
Just
98%
I'm
95%
me
90%
The
89%
the
89%
you
89%
and
87%
let
87%
my
84%
be
83%
do
83%
no
83%
of
83%
oh,
83%
Oh,
83%
Oh
83%
that
83%
world
83%
all
81%
this
81%
This
81%
to
81%
is
79%
it
79%
So
79%
so
79%
your
79%
Your
79%
in
78%
Take
78%
take
78%
Don't
76%
don't
76%
out
76%
eyes
75%
for
75%
it's
75%
off
73%
ribbon
71%
think
71%
big
70%
'Cause
70%
little
70%
up
70%
had
68%
here
68%
I've
68%
know
68%
pink
67%
sight
67%
surprise
67%
at
65%
hand
65%
old
65%
where
65%
That's
63%
hold
62%
you'll
62%
exposed,
60%
have
60%
things
59%
night
57%
stand?
57%
won't
57%
they
56%
any
54%
can't
54%
exactly
54%
dear
52%
forcing
52%
those
52%
hide
51%
many
51%
reasons
51%
rights
51%
run
51%
good
49%
living
49%
moment
49%
their
49%
fear
48%
look
48%
outside
48%
drive
46%
not
46%
pretty
46%
step
46%
What
46%
late
44%
Well,
44%
with
44%
some
43%
am
41%
captivity
41%
I'd
41%
kind
41%
petite
41%
stare
40%
freak
37%
typical
37%
making
35%
prototype
35%
rather
35%
destiny?
33%
clear?
30%
lucky
30%
myself
30%
sit
30%
guess
29%
what's
29%
makes
27%
apologies
25%
rule
25%
thumb
25%
numb
22%
worrisome
19%
comparison
17%
succumbed
17%
there's
14%
become
11%
burdensome
11%
Twiddle-dum,
3%
No matching quizzes found
Score Distribution
Percent of People with Each Score
Percentile by Number Answered
Your Score History
You have not taken this quiz